[Event "CP-2009-Q-00010"]
[Site "LSS email"]
[Date "2011.02.03"]
[Round "?"]
[White "Scarani, Antonio"]
[Black "Lemanczyk, Thomas"]
[Result "1/2-1/2"]
[WhiteElo "2116"]
[BlackElo "2271"]
[PlyCount "45"]
[EventDate "2011.02.05"]
[EventType "tourn (corr)"]
[EventRounds "6"]
[EventCountry "GER"]
[SourceTitle "Telechess CBM 155"]
[Source "ChessBase"]
[SourceDate "2013.07.16"]
[SourceVersion "1"]
[SourceVersionDate "2013.07.16"]
[SourceQuality "1"]

1. e4 Nf6 2. e5 Nd5 3. d4 d6 4. Nf3 dxe5 5. Nxe5 c6 6. Bc4 Nd7 7. Nf3 N7f6 8. h3 Bf5 9. 0-0 e6 10. Re1 Be7 11. Bf1 0-0 12. Nh4 Ne4 13. Nxf5 exf5 14. Nd2 Ndf6 15. c3 Re8 16. Nxe4 Nxe4 17. Bd3 Bg5 18. Bxg5 Qxg5 19. Qc2 Nd6 20. Re5 g6 21. a3 Kg7 22. Rd1 Rad8 23. Rde1 1/2-1/2

[Event "CP-2009-Q-00010"]
[Site "LSS email"]
[Date "2011.02.03"]
[Round "?"]
[White "Scarani, Antonio"]
[Black "Szabo, Vilmos"]
[Result "0-1"]
[WhiteElo "2116"]
[BlackElo "2389"]
[PlyCount "70"]
[EventDate "2011.02.05"]
[EventType "tourn (corr)"]
[EventRounds "6"]
[EventCountry "GER"]
[SourceTitle "Telechess CBM 155"]
[Source "ChessBase"]
[SourceDate "2013.07.16"]
[SourceVersion "1"]
[SourceVersionDate "2013.07.16"]
[SourceQuality "1"]

1. d4 Nf6 2. c4 e6 3. Nc3 Bb4 4. e3 0-0 5. Bd3 d5 6. Nf3 c5 7. 0-0 Nc6 8. a3 Bxc3 9. bxc3 Qc7 10. cxd5 exd5 11. Nh4 Na5 12. a4 Re8 13. Re1 Bd7 14. Nf3 c4 15. Bc2 Bg4 16. Bb2 Qd7 17. h3 Bh5 18. Qb1 Bxf3 19. Bf5 Qd8 20. gxf3 Nb3 21. Ra2 g6 22. Bc2 Nh5 23. Qd1 Qh4 24. Bxb3 cxb3 25. Ra3 Re6 26. Bc1 Rae8 27. e4 b2 28. Be3 Qxh3 29. Rb3 g5 30. Qe2 Nf4 31. Qf1 Qxf3 32. Bxf4 gxf4 33. Qg2+ Rg6 34. Qxg6+ hxg6 35. Rxb2 Kg7 0-1

[Event "LSS WC-2014-P-00007"]
[Site "LSS email"]
[Date "2010.02.18"]
[Round "?"]
[White "Scarani, Antonio"]
[Black "Iacobitz, Lucian Valentin"]
[Result "1-0"]
[WhiteElo "2099"]
[BlackElo "1954"]
[PlyCount "139"]
[EventDate "2010.02.24"]
[EventType "tourn (corr)"]
[EventRounds "6"]
[EventCountry "GER"]
[SourceTitle "Telechess CBM 145"]
[Source "Chessbase"]
[SourceDate "2011.11.11"]
[SourceVersion "1"]
[SourceVersionDate "2011.11.11"]
[SourceQuality "1"]

1. d4 d5 2. c4 c6 3. Nf3 Nf6 4. Nc3 e6 5. e3 Nbd7 6. Bd3 dxc4 7. Bxc4 b5 8. Bd3 a6 9. e4 c5 10. e5 cxd4 11. Nxb5 Bb4+ 12. Bd2 Bxd2+ 13. Qxd2 axb5 14. exf6 Qxf6 15. Bxb5 e5 16. 0-0 0-0 17. Rfe1 Rd8 18. Bxd7 Bxd7 19. Nxe5 Ba4 20. Rac1 Rd5 21. Nd3 h6 22. b3 Bd7 23. a4 Qb6 24. Qb4 Qxb4 25. Nxb4 Rd6 26. Nd3 Rb6 27. Nc5 Be6 28. f4 Rb4 29. Kf2 Kh7 30. h3 Bd5 31. g4 Rd8 32. a5 Rb5 33. a6 Rc8 34. b4 Rxb4 35. Nd3 Rbc4 36. a7 Rc2+ 37. Rxc2 Rxc2+ 38. Re2 Rc3 39. Nb4 Bh1 40. Re1 Rf3+ 41. Ke2 Bg2 42. Rg1 Re3+ 43. Kd2 Ba8 44. Re1 Rxh3 45. f5 Rg3 46. Re8 Bh1 47. Nd3 Rg2+ 48. Re2 Rg3 49. Re1 Bd5 50. Re7 Rg2+ 51. Ke1 Rxg4 52. Rxf7 Rg1+ 53. Ke2 Ra1 54. Rd7 Ra2+ 55. Ke1 Ra1+ 56. Kd2 Ra2+ 57. Kc1 Be4 58. f6 Bxd3 59. f7 Rc2+ 60. Kd1 Rc8 61. Re7 Kg6 62. Re8 Bc2+ 63. Kd2 Kxf7 64. Rxc8 Be4 65. Rc4 g5 66. Rxd4 Ba8 67. Rd6 Kg7 68. Kd3 Bh1 69. Kd4 Ba8 70. Rd8 1-0

[Event "CP-2008-Q-00017"]
[Site "LSS email"]
[Date "2010.01.10"]
[Round "?"]
[White "Scarani, Antonio"]
[Black "Dorer, Manfred"]
[Result "0-1"]
[WhiteElo "2097"]
[BlackElo "2252"]
[PlyCount "156"]
[EventDate "2010.01.15"]
[EventType "tourn (corr)"]
[EventRounds "6"]
[EventCountry "GER"]
[SourceTitle "Telechess CBM 145"]
[Source "Chessbase"]
[SourceDate "2011.11.11"]
[SourceVersion "1"]
[SourceVersionDate "2011.11.11"]
[SourceQuality "1"]

1. e4 c5 2. Nf3 Nc6 3. d4 cxd4 4. Nxd4 Nf6 5. Nc3 e5 6. Ndb5 d6 7. Bg5 a6 8. Na3 b5 9. Nd5 Be7 10. Bxf6 Bxf6 11. c3 0-0 12. Nc2 Bg5 13. a4 bxa4 14. Rxa4 a5 15. Bc4 Rb8 16. b3 Kh8 17. 0-0 f5 18. exf5 Bxf5 19. Nce3 Bg6 20. g3 Qd7 21. h4 Bxe3 22. Nxe3 Be4 23. Be2 Bg6 24. Bg4 Qc7 25. Be6 Nd8 26. Bc4 Nb7 27. Nd5 Qd7 28. Kh2 Bf5 29. Ra2 Nc5 30. f3 Qd8 31. Rff2 Bg6 32. Ra3 Bh5 33. Be2 g5 34. hxg5 Qxg5 35. Kg2 Rf7 36. Rf1 Rbf8 37. Ra2 Rg7 38. g4 e4 39. fxe4 Rxf1 40. Kxf1 Qh4 41. Qd4 Qh1+ 42. Kf2 Bxg4 43. Bxg4 Qh2+ 44. Ke3 Qxa2 45. Qf6 Qd2+ 46. Kxd2 Nxe4+ 47. Kd3 Nxf6 48. Nxf6 Rg6 49. Nxh7 Rxg4 50. Nf6 Rg6 51. Ne4 Kg8 52. Kc4 Kf8 53. Kb5 Re6 54. Nd2 Re5+ 55. Kc4 Ke7 56. Kd4 Re1 57. Nf3 Rb1 58. Nd2 Rd1 59. Ke3 d5 60. Ke2 Rh1 61. c4 Kd6 62. cxd5 Kxd5 63. Nc4 Ra1 64. Kd2 Kc5 65. Kc3 a4 66. Kb2 Rh1 67. Ne5 Rh5 68. Ng6 Rh6 69. Ne5 Kd5 70. Nd3 Rb6 71. Ka2 axb3+ 72. Ka3 Kd4 73. Nb2 Rb5 74. Nd1 Kc4 75. Kb2 Kb4 76. Nc3 Rh5 77. Ne4 Rh2+ 78. Kc1 b2+ 0-1

[Event "LSS CP-2008-P-00057"]
[Site "LSS email"]
[Date "2008.10.01"]
[Round "?"]
[White "Scarani, Antonio"]
[Black "Callow, Christopher"]
[Result "1/2-1/2"]
[WhiteElo "2128"]
[BlackElo "2288"]
[PlyCount "112"]
[EventDate "2008.10.01"]
[EventType "tourn (corr)"]
[EventRounds "6"]
[EventCountry "GER"]
[SourceTitle "Corr 2011"]
[Source "ChessBase"]
[SourceDate "2010.08.31"]
[SourceVersion "1"]
[SourceVersionDate "2010.08.31"]
[SourceQuality "1"]

1. e4 e5 2. Nf3 Nc6 3. d4 exd4 4. Nxd4 Bc5 5. Be3 Qf6 6. c3 Nge7 7. Bc4 Ne5 8. Be2 Qg6 9. 0-0 d6 10. f3 0-0 11. Nd2 d5 12. Kh1 dxe4 13. fxe4 Ng4 14. Bf4 Bd6 15. Nc4 Bxf4 16. Rxf4 Nf6 17. e5 Nfd5 18. Rf2 a6 19. Bd3 Qg5 20. a4 Bg4 21. Qd2 Qxd2 22. Rxd2 b5 23. Na5 c5 24. Ndc6 Nxc6 25. Nxc6 Bd7 26. axb5 axb5 27. Na7 Bc6 28. Bxb5 Ne7 29. c4 Be4 30. Kg1 Nf5 31. Rd7 Rfe8 32. Rad1 h6 33. Nc6 Rac8 34. Nd8 Ne3 35. Re1 Rcxd8 36. e6 fxe6 37. Rxe3 Bf5 38. Re5 Rxd7 39. Bxd7 Rb8 40. Bxe6+ Bxe6 41. Rxe6 Rxb2 42. Rc6 Kf7 43. Rxc5 Ke6 44. Rc7 g6 45. Rc6+ Kf5 46. h3 h5 47. Rc8 Rb1+ 48. Kh2 Rc1 49. c5 h4 50. c6 Kf6 51. c7 Kg7 52. g4 hxg3+ 53. Kxg3 Rc3+ 54. Kf4 Rc1 55. h4 Rc5 56. Ke4 Rc1 1/2-1/2

[Event "IECC CL2-2008.07 email"]
[Site "IECC email"]
[Date "2008.07.08"]
[Round "?"]
[White "Agulnick, Michael"]
[Black "Scarani, Antonio"]
[Result "0-1"]
[WhiteElo "2016"]
[BlackElo "2150"]
[PlyCount "88"]
[EventDate "2008.??.??"]
[EventType "tourn (corr)"]
[EventRounds "4"]
[SourceTitle "Corr 2013"]
[Source "ChessBase"]
[SourceDate "2012.11.12"]
[SourceVersion "1"]
[SourceVersionDate "2012.11.12"]
[SourceQuality "1"]
[WhiteTeam "US of America"]
[BlackTeam "Italy"]
[WhiteTeamCountry "USA"]
[BlackTeamCountry "ITA"]

1. e4 c5 2. Nf3 d6 3. d4 cxd4 4. Nxd4 Nf6 5. Nc3 a6 6. Be2 e6 7. 0-0 Be7 8. f4 Qc7 9. Be3 0-0 10. Qe1 b5 11. a3 Bb7 12. Bf3 Nbd7 13. Kh1 Rac8 14. Qg3 Nc5 15. f5 e5 16. Bh6 Ne8 17. Nde2 Kh8 18. Bg5 Nf6 19. Qh4 h6 20. Rad1 Rfd8 21. Bxf6 Bxf6 22. Qf2 Kg8 23. Nd5 Bxd5 24. Rxd5 Na4 25. b3 Nb6 26. Rdd1 Nd7 27. c3 Nc5 28. Nc1 d5 29. exd5 e4 30. Bh5 Qe5 31. c4 bxc4 32. bxc4 Qc3 33. Qa2 Nd7 34. Be2 Rb8 35. Rd2 Nc5 36. Bg4 e3 37. Rc2 Qe5 38. Bh5 Rb7 39. a4 Rdb8 40. Qa3 Nb3 41. c5 Nd4 42. Rc3 Nxf5 43. Ne2 Nh4 44. Bf3 Rb1 0-1

[Event "IECC CL2-2008.07 email"]
[Site "IECC email"]
[Date "2008.07.08"]
[Round "?"]
[White "Scarani, Antonio"]
[Black "Baumann, Dariusz"]
[Result "0-1"]
[WhiteElo "2167"]
[BlackElo "2050"]
[PlyCount "50"]
[EventDate "2008.??.??"]
[EventType "tourn (corr)"]
[EventRounds "4"]
[SourceTitle "Corr 2013"]
[Source "ChessBase"]
[SourceDate "2012.11.12"]
[SourceVersion "1"]
[SourceVersionDate "2012.11.12"]
[SourceQuality "1"]
[WhiteTeam "Uruguay"]
[BlackTeam "US of America"]
[WhiteTeamCountry "URU"]
[BlackTeamCountry "USA"]

1. e4 e6 2. d4 d5 3. Nc3 Bb4 4. e5 c5 5. a3 Bxc3+ 6. bxc3 Ne7 7. Qg4 0-0 8. Bd3 f5 9. exf6 Rxf6 10. Bg5 Rf7 11. Qh5 g6 12. Qd1 Nbc6 13. Nf3 Qf8 14. 0-0 c4 15. Be2 h6 16. Bc1 Qg7 17. a4 Bd7 18. Ba3 g5 19. h3 Ng6 20. Nh2 Nf4 21. Bf3 Rd8 22. Re1 e5 23. dxe5 Nxe5 24. Bh5 Nxh5 25. g3 Qf6 0-1

[Event "LSS CP-2006-Q-00010"]
[Site "LSS email"]
[Date "2008.01.15"]
[Round "?"]
[White "Degterev, Pavel"]
[Black "Scarani, Antonio"]
[Result "1/2-1/2"]
[WhiteElo "2176"]
[BlackElo "2116"]
[PlyCount "113"]
[EventDate "2008.01.15"]
[EventType "tourn (corr)"]
[EventRounds "6"]
[EventCountry "GER"]
[SourceTitle "Corr 2011"]
[Source "ChessBase"]
[SourceDate "2010.08.31"]
[SourceVersion "1"]
[SourceVersionDate "2010.08.31"]
[SourceQuality "1"]

1. b4 e5 2. Bb2 d6 3. c4 Nf6 4. e3 Be7 5. Nc3 0-0 6. Qc2 c6 7. Nf3 h6 8. Be2 Be6 9. 0-0 Nbd7 10. d4 Qc8 11. h3 Re8 12. e4 exd4 13. Nxd4 a5 14. a3 Ne5 15. Na4 Bd8 16. c5 d5 17. f4 Nc4 18. Bxc4 dxc4 19. Nf3 axb4 20. axb4 Ra6 21. f5 Bd7 22. Rfe1 b5 23. cxb6 Rxa4 24. Rxa4 Bxb6+ 25. Kh1 c5 26. b5 Bxb5 27. Ra3 Bd8 28. Nd2 Qb7 29. e5 Nh5 30. Ne4 Bc7 31. e6 fxe6 32. f6 Bc6 33. Nxc5 Qb4 34. Rf1 Rf8 35. Na6 Rxf6 36. Rfa1 Qf8 37. Bxf6 Bd6 38. Qxc4 Bd5 39. Qf1 gxf6 40. Qe2 Bxa3 41. Qxh5 Qg7 42. Qg4 Qxg4 43. hxg4 Bd6 44. Ra5 Kf7 45. Nc7 Be4 46. Ra4 Bc2 47. Ra7 Be5 48. Rb7 Bd1 49. Nd5+ Ke8 50. Ne3 Be2 51. Kg1 h5 52. Kf2 Bxg4 53. Nxg4 hxg4 54. Ke3 f5 55. Rh7 Kf8 56. Rd7 Ke8 57. Rb7 1/2-1/2

[Event "LSS CP-2006-Q-00010"]
[Site "LSS email"]
[Date "2008.01.15"]
[Round "?"]
[White "Scarani, Antonio"]
[Black "Van Moorsel, Aad"]
[Result "1-0"]
[WhiteElo "2116"]
[BlackElo "2251"]
[PlyCount "29"]
[EventDate "2008.01.15"]
[EventType "tourn (corr)"]
[EventRounds "6"]
[EventCountry "GER"]
[SourceTitle "Corr 2011"]
[Source "ChessBase"]
[SourceDate "2010.08.31"]
[SourceVersion "1"]
[SourceVersionDate "2010.08.31"]
[SourceQuality "1"]

1. e4 e5 2. Nf3 Nc6 3. d4 exd4 4. Nxd4 Bc5 5. Be3 Qf6 6. c3 Nge7 7. Bc4 Ne5 8. Be2 Qg6 9. 0-0 0-0 10. Nd2 d6 11. Bh5 Qf6 12. f4 N5c6 13. N2b3 Bb6 14. Qd3 Bd7 15. Kh1 1-0

[Event "LSS CP-2007-P-00004"]
[Site "LSS email"]
[Date "2007.10.01"]
[Round "?"]
[White "Johnson, Victor L"]
[Black "Scarani, Antonio"]
[Result "0-1"]
[WhiteElo "538"]
[BlackElo "2095"]
[PlyCount "46"]
[EventDate "2007.10.01"]
[EventType "tourn (corr)"]
[EventRounds "6"]
[EventCountry "GER"]
[SourceTitle "Corr 2011"]
[Source "ChessBase"]
[SourceDate "2010.08.31"]
[SourceVersion "1"]
[SourceVersionDate "2010.08.31"]
[SourceQuality "1"]

1. d4 d5 2. Bf4 Nf6 3. Nf3 e6 4. e3 c5 5. c3 Nc6 6. Nbd2 Bd6 7. Ne5 Qc7 8. Bb5 0-0 9. Bxc6 bxc6 10. 0-0 Rb8 11. Rb1 Ba6 12. Re1 cxd4 13. exd4 c5 14. Qa4 Bb5 15. Qc2 cxd4 16. Ndf3 d3 17. Qc1 Nh5 18. Qe3 Nxf4 19. Rbd1 f6 20. Nxd3 Bxd3 21. Rxd3 Bc5 22. Qd2 Bxf2+ 23. Kxf2 Rxb2 0-1

[Event "IECC CL1-2007.03 email"]
[Site "IECC email"]
[Date "2007.05.20"]
[Round "?"]
[White "Scarani, Antonio"]
[Black "Ingersol, Harry"]
[Result "1/2-1/2"]
[WhiteElo "2159"]
[BlackElo "2279"]
[PlyCount "84"]
[EventDate "2007.??.??"]
[EventType "tourn (corr)"]
[EventRounds "4"]
[SourceTitle "Corr 2011"]
[Source "ChessBase"]
[SourceDate "2010.08.31"]
[SourceVersion "1"]
[SourceVersionDate "2010.08.31"]
[SourceQuality "1"]
[WhiteTeam "Brazil"]
[BlackTeam "US of America"]
[WhiteTeamCountry "BRA"]
[BlackTeamCountry "USA"]

1. e4 c5 2. Nf3 d6 3. d4 cxd4 4. Nxd4 Nf6 5. Nc3 a6 6. Bg5 e6 7. f4 Qb6 8. Qd2 Nc6 9. 0-0-0 Bd7 10. Be2 Nxd4 11. Qxd4 Qxd4 12. Rxd4 Bc6 13. Bf3 Be7 14. Rhd1 h6 15. Bxf6 gxf6 16. R4d2 Rc8 17. Ne2 Rg8 18. Nd4 Bd7 19. Rd3 Rc5 20. Rb3 b5 21. a4 bxa4 22. Rb6 Bd8 23. Rxa6 Ke7 24. g3 Bc7 25. Kb1 Rb8 26. Be2 Rb4 27. Rd3 Rb6 28. Ra8 Rb7 29. c3 Rb8 30. Rxb8 Bxb8 31. Kc2 e5 32. Nf5+ Bxf5 33. exf5 exf4 34. gxf4 Rxf5 35. Re3+ Kf8 36. Re4 Ra5 37. Rb4 Bc7 38. Rb7 Bd8 39. Bc4 d5 40. Ba2 Ke8 41. f5 Be7 42. Rb8+ Kd7 1/2-1/2

[Event "IECG WC.2005.F.00003 email"]
[Site "IECG email"]
[Date "2006.06.05"]
[Round "?"]
[White "Boettcher, Fred"]
[Black "Scarani, Antonio"]
[Result "1-0"]
[WhiteElo "2132"]
[BlackElo "2094"]
[PlyCount "123"]
[EventDate "2006.06.05"]
[EventType "tourn (corr)"]
[EventRounds "14"]
[SourceTitle "Corr 2008"]
[Source "ChessBase"]
[SourceDate "2008.06.24"]
[SourceVersion "1"]
[SourceVersionDate "2008.06.24"]
[SourceQuality "1"]

1. e4 c6 2. d4 d5 3. Nc3 dxe4 4. Nxe4 Bf5 5. Ng3 Bg6 6. h4 h6 7. Nf3 Nd7 8. h5 Bh7 9. Bd3 Bxd3 10. Qxd3 Qc7 11. Bd2 e6 12. 0-0-0 Ngf6 13. Ne4 0-0-0 14. g3 Nxe4 15. Qxe4 Bd6 16. c4 c5 17. d5 Nf6 18. Qc2 exd5 19. cxd5 Rhe8 20. Bc3 Qd7 21. Bxf6 gxf6 22. Kb1 Qg4 23. Nd4 Re5 24. Nb5 Kb8 25. f4 Rxh5 26. Qa4 a6 27. Qa5 Rd7 28. Rhe1 Be7 29. Nc3 Qg6+ 30. Ka1 Qg8 31. Qa4 Qc8 32. d6 Bd8 33. Re8 Rh2 34. f5 b5 35. Qe4 Qb7 36. Nd5 Rxd6 37. Qf4 Qc7 38. Rxd8+ Qxd8 39. Nc3 Rf2 40. Rxd6 Rxf4 41. Rxd8+ Kc7 42. Nd5+ Kxd8 43. Nxf4 Ke7 44. g4 Kd6 45. Kb1 c4 46. Nh5 Ke5 47. Kc2 b4 48. a3 a5 49. a4 Ke4 50. Nxf6+ Kf4 51. Ng8 Kg5 52. f6 h5 53. gxh5 Kxh5 54. Kd2 Kg5 55. Ke3 Kg6 56. Kd4 Kh7 57. Kxc4 Kxg8 58. Kb5 Kh7 59. Kxa5 b3 60. Kb4 Kg6 61. a5 Kxf6 62. a6 1-0

[Event "IECG WC.2005.F.00003 email"]
[Site "IECG email"]
[Date "2006.06.05"]
[Round "?"]
[White "Gazen, Louis"]
[Black "Scarani, Antonio"]
[Result "1-0"]
[WhiteElo "2094"]
[BlackElo "2094"]
[PlyCount "97"]
[EventDate "2006.06.05"]
[EventType "tourn (corr)"]
[EventRounds "14"]
[SourceTitle "Corr 2008"]
[Source "ChessBase"]
[SourceDate "2008.06.24"]
[SourceVersion "1"]
[SourceVersionDate "2008.06.24"]
[SourceQuality "1"]

1. e4 e6 2. d4 d5 3. Nc3 Bb4 4. e5 c5 5. Bd2 Ne7 6. Nb5 Bxd2+ 7. Qxd2 0-0 8. dxc5 Nd7 9. Qc3 a6 10. Nd6 Qc7 11. f4 Qxc5 12. Qxc5 Nxc5 13. Nf3 f6 14. c4 fxe5 15. fxe5 dxc4 16. Bxc4 b5 17. b4 bxc4 18. bxc5 c3 19. 0-0 Rb8 20. Rac1 Nd5 21. c6 a5 22. Rf2 Rb2 23. Rxb2 cxb2 24. Rb1 Nb4 25. c7 Nd3 26. h3 Ba6 27. Ne1 Nxe1 28. Rxb2 Nd3 29. Rb6 Nb4 30. a3 Rf1+ 31. Kh2 Nd5 32. Rxa6 Nxc7 33. Rxa5 Rc1 34. Kg3 Kf8 35. Ra7 Ke7 36. Kf4 h6 37. Nb5 Kd8 38. Nxc7 Rxc7 39. Rxc7 Kxc7 40. Ke4 Kb6 41. Kd4 h5 42. g4 hxg4 43. hxg4 g5 44. a4 Kc6 45. a5 Kb5 46. a6 Kb6 47. a7 Kxa7 48. Kc5 Kb7 49. Kd6 1-0

[Event "IECG WC.2005.F.00003 email"]
[Site "IECG email"]
[Date "2006.06.05"]
[Round "?"]
[White "Scarani, Antonio"]
[Black "Hrvacic, Pavle"]
[Result "1-0"]
[WhiteElo "2094"]
[BlackElo "2134"]
[PlyCount "91"]
[EventDate "2006.06.05"]
[EventType "tourn (corr)"]
[EventRounds "14"]
[SourceTitle "Corr 2008"]
[Source "ChessBase"]
[SourceDate "2008.06.24"]
[SourceVersion "1"]
[SourceVersionDate "2008.06.24"]
[SourceQuality "1"]

1. e4 g6 2. d4 Bg7 3. Nc3 d5 4. Nf3 dxe4 5. Nxe4 Bg4 6. Bc4 e6 7. c3 Nd7 8. h3 Bf5 9. Qe2 Bxe4 10. Qxe4 c6 11. 0-0 Ngf6 12. Qf4 Nb6 13. Bb3 Nbd5 14. Qg3 Ne4 15. Qh2 Qd6 16. Ne5 0-0 17. Re1 Nef6 18. Bg5 a5 19. a4 h6 20. Bh4 Rfd8 21. Bg3 Qe7 22. Nd3 b6 23. Rad1 Rac8 24. Bh4 Qb7 25. Ne5 c5 26. g4 cxd4 27. Rxd4 g5 28. Bg3 b5 29. Rd2 b4 30. c4 Ne7 31. Rde2 Nc6 32. Qg2 Qa6 33. Nxc6 Qxc6 34. Qxc6 Rxc6 35. Ba2 Rcc8 36. b3 Nd7 37. Bb1 Nc5 38. Bc2 Bc3 39. Rf1 e5 40. Kg2 f6 41. h4 Ne6 42. Re3 Nd4 43. Bd1 Rc7 44. hxg5 hxg5 45. Rd3 Rcd7 46. f3 1-0

[Event "IECG WC.2005.F.00003 email"]
[Site "IECG email"]
[Date "2006.06.05"]
[Round "?"]
[White "Scarani, Antonio"]
[Black "Lambert, Andreas"]
[Result "1-0"]
[WhiteElo "2094"]
[BlackElo "2127"]
[PlyCount "63"]
[EventDate "2006.06.05"]
[EventType "tourn (corr)"]
[EventRounds "14"]
[SourceTitle "Corr 2008"]
[Source "ChessBase"]
[SourceDate "2008.06.24"]
[SourceVersion "1"]
[SourceVersionDate "2008.06.24"]
[SourceQuality "1"]

1. e4 c5 2. Nf3 d6 3. d4 cxd4 4. Nxd4 Nf6 5. Nc3 a6 6. Be2 e5 7. Nb3 Be7 8. 0-0 0-0 9. Be3 Be6 10. Qd2 Nbd7 11. a4 Nc5 12. Nxc5 dxc5 13. Rfd1 Qc7 14. Nd5 Bxd5 15. exd5 Bd6 16. c4 Nd7 17. Ra3 f5 18. Qc2 e4 19. Kh1 Bxh2 20. g3 Bxg3 21. fxg3 Qxg3 22. Bg1 Qh4+ 23. Bh2 Rae8 24. Rg1 Re7 25. d6 Ref7 26. Rag3 Ne5 27. Qd2 Ng6 28. Qd5 Re8 29. Rg5 Re5 30. Qd2 Re8 31. b3 f4 32. R1g4 1-0